| 000 | 00880cam a22001814a 4500 | ||
|---|---|---|---|
| 005 | 20250605164056.0 | ||
| 008 | 250528s ||||||||||||||||||||||||d | ||
| 035 | _a17455 | ||
| 040 |
_aGR-AtMCL _bgre _dGR-AtMCL _eAACR2 |
||
| 245 | 1 | _aΤα Θαύματα / Φαινόμενα που Ερεθίζουν τον Κόσμο | |
| 260 |
_bΗριδανός, _c1974 |
||
| 300 | _a318 | ||
| 520 | _aΠρόλογος, Οράματα Υπάρχουν, Διηγήσεις Ευαγγελιστών, Επιστολές Αποστόλων, Προφητικά Βιβλία, Αρχαικά Κείμενα, Το Θαύμα είναι το Αγαπητό Παιδί της Πίστης, Υπάρχουν Οράματα, Ημερολόγιο Οραμάτων, Βιβλιογραφία. | ||
| 700 | 1 |
_aΝτάινικεν Ερίχ Φον _93601 |
|
| 942 | _cBK | ||
| 999 |
_c2871 _d2871 |
||